Taras Bulba/ (Record no. 13866)

MARC details
000 -BAŞLIK
Sabit Uzunlukta Kontrol Alanı 00658nam a22002297a 4500
999 ## - SİSTEM KONTROL NUMARALARI (KOHA)
Koha Biblionumber 13866
Koha Biblioitemnumber 13866
001 - KONTROL NUMARASI
Denetim Alanı 16009
003 - KONTROL NUMARASI IDENTIFIER
Denetim Alanı MIRAKIL
005 - SON İŞLEM TARİHİ VE ZAMANI
Denetim Alanı 20200812145542.0
008 - SABİT-BOY VERİ ELEMANLARI - GENEL BİLGİLER
Sabit Uzunlukta Kontrol Alanı 200812b tu ||||| |||| 00| 0 tur d
020 ## - ULUSLARARASI STANDART KİTAP NUMARASI
Uluslararası Standart Kitap Numarası 9789750708350
040 ## - KATALOGLAMA KAYNAK
Orijinal Kataloglama Ajansı TR-AnCHP
Kataloglama Dili tur
Metne Dönüştürmek Ajansı TR-AnCHP
041 ## - DİL KODU
Metin / Ses Parça Veya Ayrı Başlığın Dil Kodu tur
082 ## - DEWEY ONLU SINIFLANDIRMA NUMARASI
Sınıflandırma Numarası 891.73
Ürün Numarası G63t 2007
100 ## - ANA GİRİŞ - KİŞİSEL İSİM
Kişisel Ad Gogol, Nikolay
245 ## - BAŞLIK TABLOSU
Başlık Taras Bulba/
Sorumluluk Tablosu, Vb Nikolay Gogol ; çeviren Mehmet Özgül.
260 ## - YAYIN, DAĞITIM, VB
Yayın, Dağıtım, Vb Yeri İstanbul:
Yayıncı, Dağıtıcı, Vs Adı Can yayınları,
Yayın, Dağıtım, Vb Tarihi 2007.
300 ## - FİZİKSEL TANIM
Kapsam 171 s.:
Boyutlar 19 sm.
490 ## - SERİSİ TABLOSU
Seri Beyanı Can Yayınları;
-- Dünya Klasikleri;
Hacim / Ardışık Tanımı 1647.
-- 54.
650 ## - KONU KATMA GİRİŞ - TOPİKAL DÖNEM
Topikal Süreli Veya Coğrafi Ad Giriş Elemanı Rus edebiyatı
Genel Alt Bölümü Roman
700 ## - KATMA GİRİŞ - KİŞİSEL İSİM
Kişisel Ad Özgül, Mehmet
9 (RLIN) 6343
Relator Terim çev.
942 ## - EKLENDİ GİRİŞ ELEMANLARI (KOHA)
Sınıflandırma Veya Raf Düzeni Kaynak Dewey Decimal Classification
Koha Öğesi Türü Books
Holdings
Kalıcı Konum Mevcut Konum Edinme Tarihi Toplam Check-Out'Lar Tam Çağrı Numarası Barkod Tarih Son Görülme İtibaren Geçerli Fiyatlar Sigara Kamu Notu Koha Öğesi Türü
CHP Kütüphanesi CHP Kütüphanesi 08/12/2020   891.73 G63t 2007 019321 08/12/2020 08/12/2020 Emine Başak Alkan Bağışıdır. Books